000 00285nam a22001337a 4500
008 170927b xxu||||| |||| 00| 0 eng d
020 _a9780471156499
041 _aeng
080 _22ND
_a37
100 _a47
101 _aEDU
245 _aCOVER LETTERS
_cBESSON.T
942 _2udc
_cBK
999 _c30249
_d30249